[Event "Aiacciu"]
[Site "Aiacciu"]
[Date "2006.10.30"]
[Round "1"]
[White "Aouina, Wahiba"]
[Black "Naiditsch, Arkadij"]
[Result "0-1"]
[WhiteElo "1099"]
[BlackElo "2676"]
[PlyCount "29"]
[EventDate "2006.??.??"]
[WhiteTeam "Russia"]
[BlackTeam "Belarus"]
[WhiteTeamCountry "RUS"]
[BlackTeamCountry "BLR"]

1. h4 e5 2. a4 d5 3. b4 Bxb4 4. c4 Nf6 5. cxd5 Nxd5 6. h5 Nc6 7. Nf3 e4 8. Ne5
Nxe5 9. Bb2 Ng4 10. Rh2 Nxh2 11. Nc3 Ng4 12. Nxd5 Qxd5 13. Bxg7 Qf5 14. Bxh8
Bf8 15. Be5 0-1

[Event "Aiacciu"]
[Site "Aiacciu"]
[Date "2006.10.30"]
[Round "1"]
[White "Van Wely, Loek"]
[Black "Arrighi, Damien"]
[Result "1-0"]
[WhiteElo "2676"]
[BlackElo "1099"]
[PlyCount "43"]
[EventDate "2006.??.??"]
[WhiteTeam "Russia"]
[BlackTeam "Belarus"]
[WhiteTeamCountry "RUS"]
[BlackTeamCountry "BLR"]

1. d4 a6 2. e4 a5 3. Nf3 Nc6 4. c3 b6 5. a4 d6 6. h3 Ra6 7. Na3 Be6 8. Bxa6 g6
9. d5 Qd7 10. dxc6 g5 11. cxd7+ Kxd7 12. Nxg5 Ke8 13. O-O c6 14. Nxe6 Kd7 15.
Bh6 Ke8 16. Bxf8 Nh6 17. Bxh6 c5 18. Qxd6 fxe6 19. Rfd1 e5 20. Qxe5 Kf7 21. Rd7
Kg8 22. Qg7# 1-0